000 00996na a2200289 4500
001 13609
003 MIRAKIL
005 20181213155210.0
008 160908b tu 000 0
020 _a9756774096
035 _a13609
040 _aMilas
_btur
_cTR-AnCHP
082 _aATA 923.156
_bA72n [t.y.]
090 _aATA 923.156 A72n [t.y.]
100 _aAtatürk, Mustafa Kemal
_d1881-1838
245 _aNutuk
_cMustafa Kemal Atatürk ; günümüz Türkçesi'ne çeviren: Mehmet Seçkin
260 _aİstanbul
_bToplumsal dönüşüm yayınları
_c[t.y.]
300 _a655 s.
_c22 sm.
490 _aToplumsal Dönüşüm Yayınları
_v272
490 _aAraştırma ve İnceleme
_v98
600 _aAtatürk, Mustafa Kemal
_d1881-1938
_xSöylev ve demeçler
600 _aAtatürk, Mustafa Kemal
_d1881-1938
_xSiyasal ve sosyal görüşler
650 _aAtatürk devrimleri
_zTürkiye
651 _aTürkiye
_xSiyaset ve yönetim
700 _aSeçkin, Mehmet
942 _2dcc
_cBKS
999 _c8390
_d8390